| 000 | 00863nam a22002057a 4500 | ||
|---|---|---|---|
| 999 |
_c178431 _d178431 |
||
| 005 | 20210330172758.0 | ||
| 010 | _aENG-129341 | ||
| 020 |
_a978-93-89965-74-2 _c995.00 |
||
| 035 | _aEN-112873 | ||
| 037 | _bDBAD/PUB | ||
| 082 | _a305.6970954 | ||
| 245 |
_aVision 2025 Socio Economic Inequalities: Why does India,s Economic Growth Need an Inclusive Agenda/ _cEdited by Amir Ullah Khan and Abdul Azim Akhtar |
||
| 260 |
_aNew Delhi _bInstitute of Objective Studies _c2018 |
||
| 270 |
_a162, Jogabai Main Road, Jamia Nagar _bNew Delhi _e110025 _k011-26981187, 26989253 _l91 11 26981104 _mios.newdelhi@gmail.com |
||
| 300 |
_alxix+327p. _c28cm(pbk) _bIncluding illustrations and tables. |
||
| 500 | _aWith a Foreward by Amitabh Kundu | ||
| 700 | _aKhan, Amir Ullah, Ed. | ||
| 700 | _aAkhtar, Abdul Azim, Ed. | ||
| 942 |
_2ddc _cEN _h305.6970954 _mVIS |
||